F.r.i.e.n.d.s Trivia - Statistics

General Stats
  • This quiz has been taken 270 times
  • The average score is 11 of 15
Answer Stats
Hint Answer % Correct
How many sisters does Joey have? Seven
98%
Who does Rachel leave at the wedding alter? Barry
94%
What is Joeys' profession? Actor
92%
What is Ross and Rachels' baby's name? Emma
92%
How many siblings does Chandler have? none
92%
How many babies has Pheobe given birth to? three
92%
What is Pheobes' brothers name? Frank Jr
85%
What is Ross and Monicas' mothers name? Judy
81%
What is Chandlers' middle name? Muriel
80%
Where does Rachel go to for a new job in the very last episode? Paris
79%
What is the aboves profession? Dentist
69%
What do Monica and Chandler name their twins? Erica and Jack
65%
Who rented Monicas' apartment before her? her grandma
38%
What does pheobe change her name to? Princess consuella banana hammock
4%
What is Chandlers profession? IT procurement manager
2%
No matching quizzes found
Score Distribution
Percent of People with Each Score
Percentile by Number Answered
Your Score History
You have not taken this quiz